[Event "XLIV C.to Torinese Assoluto"]
[Site "Torino ITA"]
[Date "1999.11.??"]
[Round "?"]
[White "Ricca, Roberto"]
[Black "Racioppo, Paolo"]
[WhiteElo "2100"]
[BlackElo "2189"]
[Result "0-1"]
[PlyCount "58"]
[EventDate "1999.11.05"]

1.Nf3 f5 2.h3 d6 3.d3 Nf6 4.Nc3 e5 5.e4 c6 6.Bg5 Be7 7.Nh4 f4 8.Nf5 Bxf5 
9.exf5 Nbd7 10.g4 Qb6 11.Qd2 d5 12.Nd1 O-O-O 13.f3 Rhe8 14.Be2 h6 15.Bxf6 
Bxf6 16.Kf1 Bh4 17.Kg2 Bg3 18.a4 e4 19.d4 exf3+ 20.Bxf3 Nf6 21.Ra3 Ne4 22.
Qd3 Re7 23.a5 Qc7 24.c4 dxc4 25.Qxc4 Nd2 26.Qc5 Rde8 27.Qxa7 Re2+ 28.Bxe2 
Rxe2+ 29.Kg1 f3 0-1

[Event "XXXI C.to Italiano a squadre A2.5"]
[Site "ITA"]
[Date "1999.02.21"]
[Round "1"]
[White "Fulvi, Fulvio"]
[Black "Caposciutti, Maurizio"]
[Result "0-1"]
[WhiteElo "2115"]
[BlackElo "2273"]
[PlyCount "92"]
[EventDate "1999.02.21"]

1. d4 Nf6 2. c4 c5 3. d5 a6 4. Nc3 b5 5. cxb5 axb5 6. e4 b4 7. Nb5 d6 8. Bc4
Nbd7 9. Nf3 Nb6 10. Bd3 g6 11. b3 Bg7 12. Bb2 O-O 13. O-O Ba6 14. Qe2 Qd7 15.
a4 bxa3 16. Rxa3 Bxb5 17. Bxb5 Qg4 18. Rxa8 Rxa8 19. Bxf6 Bxf6 20. h3 Qc8 21.
Bc4 Nxc4 22. bxc4 Qa6 23. Rc1 Qa2 24. Qxa2 Rxa2 25. Kf1 Kg7 26. Re1 Bc3 27. Rc1
Bf6 28. Ne1 Bd4 29. Rc2 Ra1 30. Ke2 g5 31. Nf3 Kf6 32. Ne1 h5 33. Nd3 Kg6 34.
Nc1 f5 35. f3 fxe4 36. fxe4 Ra3 37. Nd3 Kf6 38. g4 hxg4 39. hxg4 Ra8 40. Kf3
Rh8 41. Kg3 Be5+ 42. Kf3 Rh3+ 43. Ke2 Rg3 44. Nf2 Bd4 45. Kf1 Ke5 46. Re2 Rf3
0-1

[Event "XXXI C.to Italiano a squadre A2.5"]
[Site "ITA"]
[Date "1999.02.21"]
[Round "1"]
[White "Gorelli Fagiolini, Marco"]
[Black "Bonghi, Alessandro"]
[Result "1-0"]
[WhiteElo "2206"]
[BlackElo "1809"]
[PlyCount "63"]
[EventDate "1999.02.21"]

1. e4 c5 2. Nf3 e6 3. d4 cxd4 4. Nxd4 Nc6 5. Nc3 Qc7 6. Be2 a6 7. O-O Nf6 8.
Kh1 Bb4 9. Nxc6 bxc6 10. f4 d5 11. e5 Nd7 12. Bd2 a5 13. Qe1 O-O 14. Qg3 Ba6
15. Rae1 Nc5 16. Bxa6 Rxa6 17. Qg4 Bxc3 18. Bxc3 Ne4 19. Bd4 c5 20. Bf2 Nxf2+
21. Rxf2 Rb8 22. b3 a4 23. Rf3 axb3 24. axb3 Rb4 25. Rg3 g6 26. Qg5 Rb8 27. Qh6
Ra2 28. Rh3 f5 29. exf6 Rf8 30. f5 exf5 31. Rhe3 Rxf6 32. Re8+ 1-0

[Event "XXXI C.to Italiano a squadre A2.5"]
[Site "ITA"]
[Date "1999.02.21"]
[Round "1"]
[White "Leoncini, Mario"]
[Black "Balducci, Alessandro"]
[Result "1-0"]
[WhiteElo "2164"]
[BlackElo "1782"]
[PlyCount "63"]
[EventDate "1999.02.21"]

1. e4 c5 2. c3 d5 3. exd5 Qxd5 4. d4 Nc6 5. Nf3 Bg4 6. Nbd2 cxd4 7. Bc4 Qd7 8.
Qb3 e6 9. Bb5 Nf6 10. Nxd4 Bc5 11. N2f3 Bxf3 12. Nxf3 O-O 13. O-O Qc7 14. Qc4
Ne5 15. Nxe5 Qxe5 16. Qe2 Qh5 17. Qxh5 Nxh5 18. Be2 Nf6 19. Bf3 Rab8 20. Bf4
Rbd8 21. b4 Bb6 22. Bxb7 Nh5 23. Be3 Bxe3 24. fxe3 Rd3 25. c4 Rxe3 26. c5 Nf6
27. Rfd1 Rb8 28. c6 Nd5 29. Rxd5 exd5 30. c7 Ree8 31. cxb8=Q Rxb8 32. Rc1 1-0

[Event "XXXI C.to Italiano a squadre A2.5"]
[Site "ITA"]
[Date "1999.02.21"]
[Round "1"]
[White "Mignone, Marco"]
[Black "Patelli, Alessandro"]
[Result "1/2-1/2"]
[WhiteElo "1800"]
[BlackElo "2225"]
[PlyCount "50"]
[EventDate "1999.02.21"]

1. c4 e5 2. Nc3 Nf6 3. Nf3 Nc6 4. g3 d5 5. cxd5 Nxd5 6. Bg2 Nb6 7. O-O Be7 8.
a3 a5 9. d3 O-O 10. Be3 Be6 11. Na4 Nd5 12. Bc5 b6 13. Bxe7 Ndxe7 14. Nc3 f6
15. Rc1 Qd7 16. Qa4 Rfd8 17. Rfd1 Rac8 18. e3 Nb8 19. Qxd7 Nxd7 20. d4 Bg4 21.
h3 exd4 22. Rxd4 Bxf3 23. Bxf3 Ne5 24. Bg2 Rxd4 25. exd4 Nd3 1/2-1/2

[Event "XXXI C.to Italiano a squadre A2.5"]
[Site "ITA"]
[Date "1999.02.21"]
[Round "1"]
[White "Mola, Pietro"]
[Black "Beggi, Pierluigi"]
[Result "1-0"]
[WhiteElo "2203"]
[BlackElo "2170"]
[PlyCount "87"]
[EventDate "1999.02.21"]

1. d4 Nf6 2. Nf3 g6 3. Bg5 Bg7 4. Nbd2 c5 5. e3 Qa5 6. Bd3 Nc6 7. O-O cxd4 8.
Nb3 Qb6 9. exd4 d6 10. Re1 O-O 11. h3 a5 12. a4 e6 13. c3 Bd7 14. Nfd2 e5 15.
Qf3 Be6 16. Bxf6 Bxb3 17. Bxg7 Kxg7 18. Bb5 Bc2 19. Nc4 Qc7 20. Ne3 Bb3 21. d5
Na7 22. Bf1 Qd7 23. Ra3 Bxa4 24. c4 f5 25. b3 Bxb3 26. Rxb3 a4 27. Ra3 Nc8 28.
Rea1 Ne7 29. Nd1 f4 30. Bd3 Rfc8 31. Nb2 Nf5 32. Qg4 Kf6 33. Nxa4 Qc7 34. Bxf5
gxf5 35. Qh4+ Kg6 36. g3 f3 37. g4 f4 38. Qh5+ Kg7 39. Qg5+ Kh8 40. Qf6+ Kg8
41. Qe6+ Kh8 42. c5 dxc5 43. d6 Qg7 44. Nb6 1-0

[Event "XXXI C.to Italiano a squadre A2.5"]
[Site "ITA"]
[Date "1999.03.07"]
[Round "2"]
[White "Evangelisti, Claudio R."]
[Black "Bonghi, Alessandro"]
[Result "1-0"]
[WhiteElo "2240"]
[BlackElo "1809"]
[PlyCount "97"]
[EventDate "1999.02.21"]

1. d4 Nf6 2. Nf3 e6 3. c4 b6 4. g3 Bb7 5. Bg2 Be7 6. Nc3 Ne4 7. Qc2 Nxc3 8.
Qxc3 d6 9. Nh4 Bxg2 10. Nxg2 Bf6 11. Qd3 d5 12. Be3 c6 13. O-O O-O 14. Rac1 Qe7
15. Rfd1 Qb7 16. Nf4 Na6 17. cxd5 cxd5 18. Qb5 Rac8 19. Nd3 Rxc1 20. Rxc1 Rc8
21. Nc5 Nxc5 22. dxc5 Kf8 23. c6 Qe7 24. a4 Qd6 25. a5 d4 26. Bf4 e5 27. Bd2
Qc7 28. Qd5 Rd8 29. Qe4 g6 30. h4 Be7 31. axb6 axb6 32. Bg5 f6 33. Bh6+ Kf7 34.
Qd3 Bf8 35. Qc4+ Ke7 36. Qg8 Bxh6 37. Qxh7+ Kd6 38. Qxh6 Qf7 39. Qd2 Rc8 40. c7
Rxc7 41. Qb4+ Kd7 42. Qb5+ Kc8 43. Qa6+ Kb8 44. Qxb6+ Kc8 45. Qa6+ Kb8 46. Qd6
Kb7 47. Rxc7+ Qxc7 48. Qxc7+ Kxc7 49. g4 1-0

[Event "XXXI C.to Italiano a squadre A2.5"]
[Site "ITA"]
[Date "1999.03.07"]
[Round "2"]
[White "Mignone, Marco"]
[Black "Del Dotto, Riccardo"]
[Result "0-1"]
[WhiteElo "1800"]
[BlackElo "2175"]
[PlyCount "78"]
[EventDate "1999.02.21"]

1. c4 e5 2. Nc3 Nc6 3. Nf3 g6 4. d4 exd4 5. Nxd4 Bg7 6. Nxc6 bxc6 7. g3 Ne7 8.
Bg2 O-O 9. O-O d6 10. Qc2 Be6 11. b3 Qd7 12. Rd1 Bh3 13. Bh1 Rae8 14. Be3 Nf5
15. Bxa7 Ra8 16. Bc5 Qe6 17. e4 Qe5 18. Na4 dxc5 19. exf5 Bxf5 20. Qd2 Bg4 21.
Re1 Qh5 22. Bxc6 Rad8 23. Qf4 Rd6 24. Bd5 Bd4 25. Nxc5 Bxc5 26. Re8 Qf5 27.
Rxf8+ Kxf8 28. Qxf5 Bxf5 29. a3 Ra6 30. Ra2 Rxa3 31. Rxa3 Bxa3 32. Bc6 Ke7 33.
Kf1 Bc2 34. Ba4 Kd6 35. Ke2 Bb4 36. Be8 f6 37. Ba4 Ke5 38. Kf3 Kd4 39. g4 Kc3
0-1

[Event "XXXI C.to Italiano a squadre A2.5"]
[Site "ITA"]
[Date "1999.03.21"]
[Round "3"]
[White "Mola, Pietro"]
[Black "Brancaleoni, Maurizio"]
[Result "1-0"]
[WhiteElo "2203"]
[BlackElo "2182"]
[PlyCount "101"]
[EventDate "1999.02.21"]

1. d4 Nf6 2. Nf3 d5 3. c4 e6 4. Nc3 c6 5. e3 Nbd7 6. Qc2 Bd6 7. Be2 O-O 8. O-O
Re8 9. Bd2 a6 10. Rad1 Qe7 11. Rfe1 dxc4 12. Bxc4 b5 13. Bd3 c5 14. Ne4 c4 15.
Nxd6 Qxd6 16. Bf1 Bb7 17. e4 Qc6 18. e5 Nd5 19. Ng5 f5 20. exf6 N7xf6 21. Nf3
Ne7 22. Ne5 Qd5 23. Bg5 Ne4 24. Bxe7 Rxe7 25. Re3 Nd6 26. Nf3 Qf5 27. Qe2 Qf6
28. Ne5 Bd5 29. Qd2 Rf8 30. Qe1 Qg5 31. Rg3 Qf4 32. Rg4 Qf5 33. Rg3 Qf4 34. Rg4
Qf5 35. Rg3 Rb8 36. Be2 b4 37. Bf3 Rc7 38. Rc1 a5 39. h3 a4 40. Qe3 c3 41. bxc3
b3 42. axb3 axb3 43. Bxd5 b2 44. Ba2 Ra7 45. Nc6 Rxa2 46. Ne7+ Kf7 47. Nxf5
exf5 48. Rb1 Ra1 49. Qe1 Nc4 50. Rd3 Rxb1 51. Qxb1 1-0

[Event "XXXI C.to Italiano a squadre A2.5"]
[Site "ITA"]
[Date "1999.04.11"]
[Round "4"]
[White "Evangelisti, Claudio R."]
[Black "Rago, Riccardo"]
[Result "1/2-1/2"]
[WhiteElo "2240"]
[BlackElo "2175"]
[PlyCount "97"]
[EventDate "1999.02.21"]

1. d4 Nf6 2. Nf3 g6 3. c4 Bg7 4. Nc3 O-O 5. e4 d6 6. d5 Na6 7. Bd3 Bg4 8. h3
Bxf3 9. Qxf3 Nd7 10. Qd1 Nac5 11. Bc2 a5 12. O-O e5 13. Nb5 f5 14. exf5 gxf5
15. f4 e4 16. Rb1 Nb6 17. b3 Rf7 18. Be3 Nbd7 19. Kh1 Nf6 20. Nd4 Qd7 21. a3 c6
22. dxc6 bxc6 23. b4 axb4 24. axb4 Na6 25. Ba4 Nb8 26. b5 c5 27. Nc6 Bf8 28.
Rf2 Rg7 29. Rd2 Qb7 30. Ra2 Nbd7 31. Rba1 Nb6 32. Bb3 Rxa2 33. Rxa2 Qf7 34. Ra6
Nfd7 35. Qe2 Qf6 36. Qd2 Rg3 37. Kh2 Rg7 38. Nb8 Nxb8 39. Rxb6 Qd8 40. Qd5+ Kh8
41. Qxf5 Nd7 42. Rb7 Qh4 43. g4 Qe1 44. Rxd7 Qe2+ 45. Kg3 Qxe3+ 46. Kh4 Kg8 47.
Rxg7+ Kxg7 48. Qg5+ Kf7 49. Qf5+ 1/2-1/2

[Event "XXXI C.to Italiano a squadre A2.5"]
[Site "ITA"]
[Date "1999.04.18"]
[Round "5"]
[White "Citti, Gianluca"]
[Black "Leoncini, Mario"]
[Result "1/2-1/2"]
[WhiteElo "2123"]
[BlackElo "2164"]
[PlyCount "132"]
[EventDate "1999.02.21"]

1. e4 c5 2. Nc3 e6 3. Nge2 d5 4. exd5 exd5 5. d4 Nc6 6. Be3 c4 7. g3 Nf6 8. Bg2
Bb4 9. O-O h6 10. a3 Ba5 11. b4 Bc7 12. Bf4 Bxf4 13. Nxf4 Ne7 14. Re1 O-O 15.
Re5 Nc6 16. Re1 Bg4 17. Qd2 Qb6 18. h3 Qxd4 19. Qxd4 Nxd4 20. hxg4 Nxc2 21.
Nfxd5 Nxg4 22. Rac1 Nxe1 23. Ne7+ Kh8 24. Rxe1 Rab8 25. Re4 Rfe8 26. Ncd5 Nf6
27. Rxc4 Nxd5 28. Nxd5 Rbc8 29. Rf4 Rc1+ 30. Kh2 f6 31. Ne3 Ra1 32. Bxb7 Rxa3
33. Rd4 Ra2 34. Kg1 Ra1+ 35. Kg2 Ra2 36. Kf3 Rb2 37. b5 Rf8 38. Bc6 Rc8 39. Rd7
a5 40. Ra7 Ra2 41. Be4 Rb2 42. Rxa5 Rb8 43. Bc6 Rb4 44. Ra7 R4xb5 45. Bxb5 Rxb5
46. g4 h5 47. gxh5 Rxh5 48. Kf4 Rg5 49. Nf5 Kg8 50. Nd6 Kh7 51. Ne4 Rg6 52. Kf5
Rh6 53. f4 Rh5+ 54. Ke6 Kg8 55. f5 Rh2 56. Ra8+ Kh7 57. Kf7 Rc2 58. Nxf6+ gxf6
59. Kxf6 Rc6+ 60. Kf7 Rc7+ 61. Kf8 Rc6 62. Ra7+ Kh6 63. Kf7 Kg5 64. Ra5 Rf6+
65. Ke7 Rxf5 66. Rxf5+ Kxf5 1/2-1/2

[Event "XXXI C.to Italiano a squadre A2.5"]
[Site "ITA"]
[Date "1999.04.18"]
[Round "5"]
[White "Patelli, Alessandro"]
[Black "Del Dotto, Riccardo"]
[Result "1-0"]
[WhiteElo "2225"]
[BlackElo "2175"]
[PlyCount "89"]
[EventDate "1999.02.21"]

1. Nf3 Nf6 2. c4 c6 3. d4 d6 4. Nc3 Nbd7 5. e4 e5 6. Be2 Be7 7. O-O O-O 8. Re1
a6 9. a3 Re8 10. Bf1 Bf8 11. b4 exd4 12. Nxd4 d5 13. exd5 Rxe1 14. Qxe1 cxd5
15. c5 a5 16. Rb1 axb4 17. axb4 Nb8 18. Bg5 Nc6 19. Qd1 h6 20. Bh4 g5 21. Bg3
Bg7 22. Nxc6 bxc6 23. b5 Bf5 24. bxc6 Bxb1 25. Qxb1 Ne8 26. Nb5 Ra1 27. Qd3 Qe7
28. c7 Nxc7 29. Bd6 Qe1 30. Bxc7 Rd1 31. Ba5 Rxd3 32. Bxe1 Rd1 33. Bb4 Rc1 34.
Ba3 Ra1 35. c6 Be5 36. g3 d4 37. Bb2 Rd1 38. Bxd4 Bxd4 39. Nxd4 Kf8 40. c7 Rc1
41. Nb5 Ke7 42. g4 Kd7 43. Kg2 Rd1 44. Bc4 Re1 45. Bd3 1-0

[Event "XXXI C.to Italiano a squadre A2 spareggi"]
[Site "ITA"]
[Date "1999.??.??"]
[Round "7"]
[White "Piscopo, Pierluigi"]
[Black "Gueci, Riccardo"]
[Result "1/2-1/2"]
[WhiteElo "2039"]
[BlackElo "2151"]
[PlyCount "53"]
[EventDate "1999.02.21"]

1. e4 d6 2. d4 Nf6 3. Nc3 Nbd7 4. Nf3 e5 5. Bc4 Be7 6. O-O O-O 7. h3 c6 8. a4
b6 9. Be3 Bb7 10. dxe5 dxe5 11. Qe2 Qc7 12. Rad1 Nc5 13. Ng5 h6 14. Nxf7 Rxf7
15. f4 Raf8 16. fxe5 Qxe5 17. Rf5 Qc7 18. b4 Bc8 19. bxc5 Bxf5 20. exf5 Bxc5
21. Bxc5 bxc5 22. Bxf7+ Rxf7 23. Qc4 Qe5 24. Rd8+ Kh7 25. Qxf7 Qe1+ 26. Kh2
Ng4+ 27. hxg4 1/2-1/2